[Event "Int. Stuttgarter Stadtmeisterschaft A"]
[Site "Ditzingen"]
[Date "2014.05.31"]
[Round "7.32"]
[White "Novak, Josua"]
[Black "Willems, Sebastian"]
[Result "1-0"]
[WhiteElo "1914"]
[BlackElo "2006"]
[PlyCount "58"]
[EventDate "2014.??.??"]
[WhiteTeam "TSV Münchingen"]
[BlackTeam "SC Böblingen 1975 e.V."]

1. e4 d5 2. exd5 Nf6 3. d4 Bg4 4. f3 Bf5 5. Bb5+ Nbd7 6. g4 Bg6 7. Nc3 a6 8.
Ba4 b5 9. Bb3 Nb6 10. a4 Nfxd5 11. Nxd5 Nxd5 12. axb5 axb5 13. Rxa8 Qxa8 14.
Qe2 Qc6 15. f4 f6 16. f5 Bf7 17. Nf3 e6 18. O-O Kd7 19. c4 bxc4 20. Bxc4 Qb7
21. fxe6+ Bxe6 22. Re1 Bf7 23. Qe4 Bd6 24. Ng5 fxg5 25. Qf5+ Kd8 26. Qxf7 Nf4
27. Bxf4 gxf4 28. Be6 Qc6 29. Ra1 f3 1-0

[Event "Int. Stuttgarter Stadtmeisterschaft A"]
[Site "Ditzingen"]
[Date "2014.05.31"]
[Round "7.33"]
[White "Auterhoff, J�rgen"]
[Black "Schuster, Gerhard"]
[Result "0-1"]
[WhiteElo "1814"]
[BlackElo "2045"]
[PlyCount "124"]
[EventDate "2014.??.??"]
[WhiteTeam "SC Pasing von 1948 e.V."]
[BlackTeam "SC Feuerbach e. V."]

1. e4 c6 2. d4 d5 3. Nc3 dxe4 4. Nxe4 Nf6 5. Nxf6+ gxf6 6. Nf3 Bf5 7. Bd3 Nd7
8. Bxf5 Qa5+ 9. Bd2 Qxf5 10. Be3 Qb5 11. b3 Rg8 12. g3 e6 13. c4 Qa5+ 14. Bd2
Qf5 15. O-O Qh3 16. Bf4 O-O-O 17. Qe2 Qg4 18. Qe3 e5 19. dxe5 Bc5 20. h3 Bxe3
21. hxg4 Bxf4 22. gxf4 Rxg4+ 23. Kh2 Rxf4 24. Kg3 fxe5 25. Nxe5 Rf5 26. Nxd7
Rg8+ 27. Kh4 Rf4+ 28. Kh3 Rf3+ 29. Kh4 Kxd7 30. Rad1+ Kc7 31. Rd4 Rf6 32. Kh5
Rd8 33. Rxd8 Kxd8 34. Kg5 Rg6+ 35. Kf5 Ke7 36. Re1+ Re6 37. Rh1 Rf6+ 38. Kg5
Rxf2 39. Re1+ Kd7 40. Rd1+ Kc7 41. Re1 f6+ 42. Kh6 Rh2+ 43. Kg7 Rxa2 44. Kxf6
Rh2 45. Re7+ Kb6 46. c5+ Ka6 47. Re4 b6 48. b4 bxc5 49. bxc5 Kb5 50. Re5 a5 51.
Ke6 Rh6+ 52. Kf7 a4 53. Kg7 Rh2 54. Re1 a3 55. Rc1 Kb4 56. Kf6 Rg2 57. Ke6 a2
58. Kd6 Rg6+ 59. Kc7 h5 60. Rf1 Rh6 61. Rf4+ Kb5 62. Rf1 h4 0-1

[Event "Int. Stuttgarter Stadtmeisterschaft A"]
[Site "Ditzingen"]
[Date "2014.05.31"]
[Round "7.34"]
[White "Pfeifer, Wilfried"]
[Black "Streicher, Traugott"]
[Result "1-0"]
[WhiteElo "2053"]
[BlackElo "1920"]
[PlyCount "55"]
[EventDate "2014.??.??"]
[WhiteTeam "TSF Ditzingen"]
[BlackTeam "TSG Steinheim"]

1. f4 c5 2. Nf3 d5 3. e3 Nf6 4. b3 Bf5 5. Bb2 Nc6 6. Be2 e6 7. O-O Be7 8. Ne5
h6 9. Bb5 Qc7 10. d3 O-O 11. Bxc6 bxc6 12. Nd2 Nd7 13. Qf3 Bd6 14. Nxd7 Qxd7
15. e4 Bh7 16. g4 f5 17. gxf5 dxe4 18. dxe4 exf5 19. Rad1 fxe4 20. Nxe4 Bxe4
21. Qxe4 Qg4+ 22. Kh1 Rxf4 23. Qxc6 Raf8 24. Rg1 Rf1 25. Rdxf1 Rxf1 26. Rxf1
Bxh2 27. Qd5+ Kh7 28. Qf5+ 1-0

[Event "Int. Stuttgarter Stadtmeisterschaft A"]
[Site "Ditzingen"]
[Date "2014.05.31"]
[Round "7.35"]
[White "Heeke, Guido"]
[Black "Schumann, Kai"]
[Result "1/2-1/2"]
[WhiteElo "1907"]
[BlackElo "2044"]
[PlyCount "58"]
[EventDate "2014.??.??"]
[WhiteTeam "SV Letmathe 1933 e.V."]
[BlackTeam "SG Königskinder Hohentübingen e."]

1. c4 c5 2. Nf3 Nc6 3. d4 cxd4 4. Nxd4 Nf6 5. Nc3 g6 6. e3 Bg7 7. Be2 O-O 8.
O-O d6 9. Bf3 Ne5 10. Be2 a6 11. b3 Bd7 12. Bb2 Qa5 13. Nf3 Ne4 14. Nxe4 Nxf3+
15. Bxf3 Bxb2 16. Rb1 Bg7 17. Qd2 Qe5 18. Ng3 Rab8 19. Rfd1 b5 20. cxb5 Qxb5
21. Rbc1 Rfc8 22. Rxc8+ Rxc8 23. Rc1 Rxc1+ 24. Qxc1 Qa5 25. a3 Bb2 26. Qxb2
Qe1+ 27. Nf1 Bb5 28. h3 Qxf1+ 29. Kh2 h5 1/2-1/2

[Event "Int. Stuttgarter Stadtmeisterschaft A"]
[Site "Ditzingen"]
[Date "2014.05.31"]
[Round "7.36"]
[White "Gheng, Simona"]
[Black "Paschmann, Stefan"]
[Result "1-0"]
[WhiteElo "1988"]
[BlackElo "1903"]
[PlyCount "49"]
[EventDate "2014.??.??"]
[WhiteTeam "TSV Schönaich"]
[BlackTeam "Krefelder SK Turm 1851 e"]

1. e4 c6 2. d4 d5 3. Nd2 dxe4 4. Nxe4 Nd7 5. Nf3 Ngf6 6. Ng3 e6 7. Bd3 Bd6 8.
O-O O-O 9. Re1 Qc7 10. c3 c5 11. Bc2 Rb8 12. Ne4 Nxe4 13. Rxe4 Nf6 14. Rh4 h6
15. Bxh6 gxh6 16. Qd2 Bf4 17. Rxf4 Kg7 18. Ne5 cxd4 19. Qxd4 Qd8 20. Qe3 Qe7
21. Qg3+ Kh8 22. Rh4 Ng8 23. Qd3 Kg7 24. Qh7+ Kf6 25. Qh8+ 1-0

[Event "Int. Stuttgarter Stadtmeisterschaft A"]
[Site "Ditzingen"]
[Date "2014.05.31"]
[Round "7.38"]
[White "Viehoff, Jürgen"]
[Black "Braun, Rüdiger-Thomas"]
[Result "0-1"]
[WhiteElo "1848"]
[BlackElo "1935"]
[PlyCount "88"]
[EventDate "2014.??.??"]
[WhiteTeam "SC Stetten a.d.F."]
[BlackTeam "SF Birkenfeld"]

1. d4 Nf6 2. Nf3 e6 3. e3 b6 4. Bd3 Bb7 5. Nbd2 c5 6. O-O Nc6 7. c3 Qc7 8. Qe2
Be7 9. e4 d6 10. Re1 Nd7 11. Nf1 Rc8 12. Ng3 cxd4 13. cxd4 Nb4 14. Bd2 Nxd3 15.
Qxd3 Qc4 16. Qxc4 Rxc4 17. Rac1 Rxc1 18. Rxc1 Kd8 19. Ng5 Bxg5 20. Bxg5+ f6 21.
Bf4 e5 22. dxe5 dxe5 23. Be3 g6 24. f3 Re8 25. h4 Re6 26. h5 Rd6 27. hxg6 hxg6
28. Ne2 Nb8 29. Kf2 Kd7 30. Rh1 Nc6 31. a3 Ke6 32. g4 Na5 33. Rh6 Nc4 34. Rxg6
Nxb2 35. g5 Nd1+ 36. Kg3 Nxe3 37. gxf6 Rd2 38. f4 Bxe4 39. Rg7 Nf5+ 40. Kf2
Nxg7 41. fxg7 Bh7 42. fxe5 Kxe5 43. Ke3 Rd3+ 44. Kf2 Rxa3 0-1

[Event "Int. Stuttgarter Stadtmeisterschaft A"]
[Site "Ditzingen"]
[Date "2014.05.31"]
[Round "7.39"]
[White "Santos, Paulo"]
[Black "Schmidt, Markus"]
[Result "0-1"]
[WhiteElo "1837"]
[BlackElo "1904"]
[PlyCount "96"]
[EventDate "2014.??.??"]
[WhiteTeam "SC Lechhausen"]
[BlackTeam "Stuttgarter SF 1879"]

1. e4 d6 2. Nc3 c5 3. g3 g6 4. Bg2 Bg7 5. d3 Nc6 6. f4 f5 7. Nf3 Nf6 8. O-O O-O
9. h3 Rb8 10. Rb1 Bd7 11. Be3 Nh5 12. Ne2 e5 13. fxe5 Nxe5 14. exf5 gxf5 15. d4
Nc4 16. Bf2 Bc6 17. dxc5 Nxb2 18. Qxd6 Qe8 19. Ned4 Rf6 20. Qe5 Nc4 21. Qxe8+
Rxe8 22. Nxc6 bxc6 23. Rb7 Bh6 24. Rxa7 Ne3 25. Re1 Rfe6 26. Nd4 Re5 27. Bxc6
Rc8 28. Ra8 Rxa8 29. Bxa8 f4 30. Bxe3 fxe3 31. Ne2 Rxc5 32. c4 Kg7 33. Bd5 Ra5
34. g4 Nf6 35. Nc3 Ra3 36. Nd1 Nd7 37. Re2 Bf4 38. Kf1 Kf6 39. Rc2 Ke5 40. Ke2
Kd4 41. Bg8 Nf6 42. Bf7 Ne4 43. c5 Ng3+ 44. Ke1 Kd3 45. Bb3 Rxb3 46. axb3 Kxc2
47. b4 e2 48. Nf2 Bd2# 0-1

[Event "Int. Stuttgarter Stadtmeisterschaft A"]
[Site "Ditzingen"]
[Date "2014.05.31"]
[Round "7.40"]
[White "Altimira, Jordi"]
[Black "Baumeister, Jürgen"]
[Result "1-0"]
[WhiteElo "1866"]
[BlackElo "1895"]
[PlyCount "69"]
[EventDate "2014.??.??"]
[WhiteTeam "SV Rottweil"]
[BlackTeam "SC Asperg"]

1. e4 Nf6 2. e5 Nd5 3. d4 d6 4. Nf3 Bg4 5. Be2 e6 6. c4 Nb6 7. O-O Be7 8. Nc3
O-O 9. b3 d5 10. h3 Bxf3 11. Bxf3 c6 12. c5 N6d7 13. Bg4 b6 14. b4 bxc5 15.
bxc5 Qc7 16. Qd3 Re8 17. Qg3 Na6 18. Bd2 Rab8 19. Rfb1 Nb4 20. Bd1 f5 21. Rxb4
f4 22. Qxf4 Rf8 23. Qg3 Rxb4 24. Nxd5 exd5 25. Bxb4 Qb8 26. Bc3 Nxc5 27. dxc5
Bxc5 28. Bf3 d4 29. Bd2 Qb2 30. Rd1 Qc2 31. Bh6 Rf7 32. Rc1 Qxa2 33. Rxc5 Kf8
34. e6 Rb7 35. Qf4+ 1-0

[Event "Int. Stuttgarter Stadtmeisterschaft A"]
[Site "Ditzingen"]
[Date "2014.05.31"]
[Round "7.41"]
[White "Fahnenschmidt, Gerhard"]
[Black "Engelhardt, Frank"]
[Result "0-1"]
[WhiteElo "1988"]
[BlackElo "1884"]
[PlyCount "66"]
[EventDate "2014.??.??"]
[WhiteTeam "VfL Sindelfingen"]
[BlackTeam "SC Schachmatt Botnang"]

1. c4 Nf6 2. Nc3 e5 3. Nf3 Nc6 4. d4 exd4 5. Nxd4 Bb4 6. Bg5 h6 7. Bh4 g5 8.
Bg3 Ne4 9. Ndb5 d6 10. Qd3 Bf5 11. Qf3 Bg6 12. O-O-O Nxc3 13. Nxc3 O-O 14. Nd5
f5 15. Nxb4 Nxb4 16. Qb3 Nxa2+ 17. Qxa2 f4 18. f3 fxg3 19. hxg3 Kg7 20. e4 Qf6
21. Bd3 a5 22. Rh3 a4 23. Rdh1 Qd4 24. Bc2 h5 25. Qa3 Qxc4 26. Qe3 Ra5 27. Kb1
Rfa8 28. f4 Rc5 29. Bd3 Qb3 30. Qd4+ Kg8 31. Rc1 Bf7 32. Rxc5 dxc5 33. Qc3 Qd1+
0-1

[Event "Int. Stuttgarter Stadtmeisterschaft A"]
[Site "Ditzingen"]
[Date "2014.05.31"]
[Round "7.42"]
[White "Cummings, Nicolai"]
[Black "Recker, Martin"]
[Result "1/2-1/2"]
[WhiteElo "1957"]
[BlackElo "1858"]
[PlyCount "33"]
[EventDate "2014.??.??"]
[WhiteTeam "SC Ingersheim e.V."]
[BlackTeam "SF Freiberg"]

1. d4 Nf6 2. c4 g6 3. Nc3 Bg7 4. e4 d6 5. Be2 O-O 6. Bg5 h6 7. Be3 c5 8. d5 e6
9. Qd2 exd5 10. exd5 Kh7 11. Nf3 Nbd7 12. O-O Re8 13. Bd3 Ng4 14. Bf4 Nde5 15.
Be2 Nxf3+ 16. Bxf3 Ne5 17. Be2 1/2-1/2

[Event "Int. Stuttgarter Stadtmeisterschaft A"]
[Site "Ditzingen"]
[Date "2014.05.31"]
[Round "7.43"]
[White "Florio, Antonio"]
[Black "Litfin, Boris"]
[Result "0-1"]
[WhiteElo "1927"]
[BlackElo "1925"]
[PlyCount "34"]
[EventDate "2014.??.??"]
[WhiteTeam "SV Besigheim"]
[BlackTeam "SC Emmendingen 1937 e.V."]

1. c4 e5 2. g3 d6 3. Bg2 f5 4. d3 Nf6 5. Nc3 Be7 6. e3 O-O 7. Nge2 Qe8 8. Bd2
Na6 9. Nc1 c6 10. a3 Rb8 11. b4 Bd7 12. Qa4 Nh5 13. Qd1 f4 14. f3 fxg3 15. hxg3
Nf6 16. Nb3 Qf7 17. Ne4 Nxe4 0-1